00322nam a2200121Ia 4500003000400000005001700004008004100021020001900062040002000081100001700101245005000118260003200168OSt20240319152746.0170523s9999 xx 000 0 und d a 9780154238870 cIIMT UNIVERSITY aSharma- Yesh 0aELECTRICAL AND ELECTRONIC ENGINEERING - HINDI aNav Bharat Prakashan Meerut